000
00402nam a22001337a 4500
020
_a
9789332517127
082
_a
150
100
_a
Penney Upton
245
_a
Development psychology
260
_a
Dorling Kinderseley
_b
Pearson
_c
2014
300
_a
260p
942
_c
BK
999
_c
2869
_d
2869